000 00648nam a2200217 4500
003 DO-SdBNP
005 20180221133750.0
008 161101b 1993 ck a 00| 0 spa d
020 _a9580421897
040 _aBPMSU
_bspa
_cBPMSU
082 4 _axxxx
_bxxxx
100 1 _aStidworthy, John
245 1 _aAprende a ser un buen ecólogo /
_cJohn Stidworthy ; ilustración Alex Pang ; editado por Catherine Warren
260 _aQuito, Ecuador :
_bParramón ,
_c1993.
300 _a32 p. :
_bil. ;
_c29 cm.
700 1 _aPang, Alex,
_eil.
700 1 _aWarren, Catherine,
_eed.
942 _2ddc
_cBK
945 _aInventariado, 2018 / BT
956 _adgarcia
999 _c11752
_d11752